Flagi państw graniczących z tajemniczym państwem #2 - Statystyki

Ogólne statystyki
  • Ten quiz został rozwiązany 50 razy
  • Średni wynik to 6 z 6
Statystyki odpowiedzi
Obrazkowy Hint Odpowiedź % Poprawnych
Chiny
98%
Rosja
98%
Uzbekistan
95%
Kirgistan
90%
Turkmenistan
90%
Tajemnicze państwo Kazachstan
86%
Nie znaleziono quizów pasujących do podanych kryteriów
Rozkład punktacji
Procent ludzi z każdym wynikiem
Percentyl według liczby udzielonych odpowiedzi
Twoja historia wyników
Nie rozwiązałeś tego quizu